| Поле | Инд. | ПП | Название | Значение |
|---|---|---|---|---|
| Тип записи | a | |||
| Библиографический уровень | m | |||
| 001 | Контрольный номер | 8803fc92-908b-47a0-8135-c3b97d731feb | ||
| 005 | Дата корректировки | 20140703160720.3 | ||
| 008 | Кодируемые данные | 071109 | ||
| 020 | c | Цена, тираж | б/ц | |
| 040 | a | Служба первич. каталог. | НБ ТвГУ | |
| 041 | a | Код языка текста | rus | |
| 080 | a | Индекс УДК | 1:81'373.23(043.3) | |
| 084 | a | Индекс другой классификации/Индекс ББК | С028.13я031 | |
| 090 | x | Авторский знак | Т19 | |
| a | Полочн. индекс | С028.1 | ||
| 100 | 1_ | a | Автор | Тарасов Дмитрий Яковлевич |
| 245 | 10 | a | Заглавие | Социально-философский анализ феномена имени в российской культуре |
| b | Продолж. заглавия | дис. ... канд. филос. наук : 09.00.11 | ||
| 260 | 1_ | a | Место издания | Тверь |
| c | Дата издания | 2007 | ||
| 300 | a | Объем | 150 с. | |
| 500 | a | Примечание | На правах рукоп. | |
| 502 | a | Примечание о диссертации | Дис.(канд.) - 2007 | |
| 504 | a | Библиография | Библиогр.: с. 140-150 и в подстроч. примеч. | |
| 583 | a | Действие | Получение впервые 286 09.11.2007 | |
| 650 | a | Основная рубрика | Общественное сознание | |
| 650 | a | Основная рубрика | Имя | |
| x | Основная подрубрика | Социальная философия | ||
| 650 | a | Основная рубрика | Ономастика социальная | |
| 653 | a | Ключевые слова | Социальная философия | |
| a | Ключевые слова | Общественное сознание | ||
| a | Ключевые слова | Имя | ||
| a | Ключевые слова | Философия имени | ||
| a | Ключевые слова | Социокультурная сфера | ||
| a | Ключевые слова | Социальная ономастика | ||
| a | Ключевые слова | Диссертации | ||
| 852 | t | Порядковый номер экземпляра | 1 | |
| p | Инвентарный номер | б/н | ||
| 888 | a | Бесплатные | ||
| 930 | a | Новая/Ретро | диссертации | |
| 952 | p | 286.2007 б/ц 1 б/н | ||
| c | Вид литературы | Дис н | ||
| 954 | a | Дата поступления на обработку | 20071112 | |
| 999 | a | Подразделение 2 | ч.з. |